[Event "Lamia-ch 1213"]
[Site "Lamia"]
[Date "2012.12.29"]
[Round "5"]
[White "Tsoumas, Ilias"]
[Black "Stasinos, Stamatis"]
[Result "1-0"]
[WhiteElo "2003"]
[BlackElo "1176"]
[PlyCount "63"]
[EventDate "2012.12.02"]
[EventType "tourn"]
[EventRounds "15"]
[EventCountry "GRE"]
[SourceTitle "EXT 2024"]
[Source "ChessBase"]
[SourceDate "2023.10.10"]
[SourceVersion "1"]
[SourceVersionDate "2023.10.10"]
[SourceQuality "1"]

1. e4 e6 2. Qe2 g6 3. Nc3 Bg7 4. g3 Nc6 5. Bg2 Nf6 6. d3 0-0 7. Bg5 Nd4 8. Qd2 e5 9. 0-0-0 d6 10. h4 Qe8 11. Bxf6 Bxf6 12. Nd5 Bg7 13. Nxc7 Qa4 14. c3 Bh6 15. f4 Qxa2 16. cxd4 Qa1+ 17. Kc2 Qa4+ 18. Kb1 Rb8 19. dxe5 dxe5 20. Nd5 Be6 21. Ne2 Rbc8 22. Nec3 Qa5 23. Ne7+ Kh8 24. Nxc8 Rxc8 25. Nd5 Qa4 26. Rc1 Rd8 27. Rc7 Rd7 28. Qb4 Qa6 29. Qc3 Qa4 30. Qxe5+ Bg7 31. Qxe6 Bxb2 32. Qe8+ 1-0